[Event "Pinneberg-ch"]
[Site "Pinneberg"]
[Date "2010.09.30"]
[Round "6"]
[White "Kraft, Gerhard"]
[Black "Olschok, Juergen"]
[Result "0-1"]
[WhiteElo "2022"]
[BlackElo "1817"]
[PlyCount "69"]
[EventDate "2010.08.26"]
[EventType "swiss"]
[EventRounds "7"]
[EventCountry "GER"]
[SourceTitle "EXT 2011"]
[Source "ChessBase"]
[SourceDate "2010.11.26"]
[SourceVersion "1"]
[SourceVersionDate "2010.11.26"]
[SourceQuality "1"]

1. b4 e5 2. Bb2 Qe7 3. a3 d6 4. e3 Nf6 5. c4 g6 6. Be2 Bg7 7. Nf3 0-0 8. d4 e4 9. Nfd2 c6 10. Nc3 d5 11. 0-0 Be6 12. Qb3 Nbd7 13. a4 dxc4 14. Bxc4 Bxc4 15. Qxc4 Nb6 16. Qb3 Rfe8 17. b5 cxb5 18. axb5 Qd7 19. Ra2 Nbd5 20. Rfa1 Nxc3 21. Bxc3 b6 22. Nc4 Nd5 23. Bd2 h5 24. Ra6 h4 25. Qa4 Nc7 26. Rxa7 Rxa7 27. Qxa7 Ra8 28. Qxa8+ Nxa8 29. Rxa8+ Kh7 30. Na3 Qg4 31. Kf1 Qd1+ 32. Be1 Qd3+ 33. Kg1 Qe2 34. Nc2 Qxc2 35. Ra1 0-1

[Event "Pinneberg-ch"]
[Site "Pinneberg"]
[Date "2010.08.26"]
[Round "1"]
[White "Kraft, Gerhard"]
[Black "Atri, Jamshid"]
[Result "1/2-1/2"]
[WhiteElo "2022"]
[BlackElo "2038"]
[PlyCount "20"]
[EventDate "2010.08.26"]
[EventType "swiss"]
[EventRounds "7"]
[EventCountry "GER"]
[SourceTitle "EXT 2011"]
[Source "ChessBase"]
[SourceDate "2010.11.26"]
[SourceVersion "1"]
[SourceVersionDate "2010.11.26"]
[SourceQuality "1"]

1. b4 a5 2. b5 d5 3. e3 e5 4. Bb2 f6 5. d4 e4 6. c4 c6 7. a4 f5 8. Qb3 Nf6 9. Nc3 Bb4 10. Ba3 Bxa3 1/2-1/2

[Event "GER-ch Seniors 22nd"]
[Site "Berlin"]
[Date "2010.08.23"]
[Round "8"]
[White "Rehder, Frank"]
[Black "Kraft, Gerhard"]
[Result "1/2-1/2"]
[WhiteElo "1694"]
[BlackElo "1652"]
[PlyCount "98"]
[EventDate "2010.08.16"]
[EventType "swiss"]
[EventRounds "9"]
[EventCountry "GER"]
[SourceTitle "CBM 138 Extra"]
[Source "ChessBase"]
[SourceDate "2010.10.29"]
[SourceVersion "1"]
[SourceVersionDate "2010.10.29"]
[SourceQuality "1"]

1. d4 Nf6 2. Nf3 d5 3. b3 Bg4 4. e3 e6 5. Be2 Bd6 6. Bb2 0-0 7. 0-0 Nbd7 8. Nbd2 Re8 9. Ne5 Bxe2 10. Qxe2 c6 11. c4 Qc7 12. f4 Bb4 13. Nef3 Bxd2 14. Nxd2 Ne4 15. Rf3 Nxd2 16. Qxd2 Nf6 17. Rh3 Ne4 18. Qe2 g6 19. Qe1 f6 20. a4 Kh8 21. Ba3 Rg8 22. Bc5 g5 23. fxg5 Rxg5 24. Rf3 Rag8 25. Ra2 Rh5 26. g3 Qg7 27. Rg2 Qg4 28. Qf1 Rg6 29. Be7 Kg7 30. Bd8 Rh3 31. Rf4 Qh5 32. Bc7 Rh6 33. Qe2 Qxe2 34. Rxe2 Rg6 35. cxd5 exd5 36. Kg2 Rhh6 37. Re1 Kf7 38. Ref1 Ke6 39. Bb8 a6 40. a5 Rg8 41. Bc7 Rg7 42. Bb6 Rhg6 43. b4 h5 44. Rh4 Rh7 45. Rff4 f5 46. Rf1 Rg4 47. Rxg4 hxg4 48. Bd8 Nd2 49. Rh1 Rh3 1/2-1/2

[Event "GER-ch Seniors 22nd"]
[Site "Berlin"]
[Date "2010.08.21"]
[Round "6"]
[White "Kraft, Gerhard"]
[Black "Beran, Rolf Dietrich"]
[Result "0-1"]
[WhiteElo "1652"]
[BlackElo "1913"]
[PlyCount "70"]
[EventDate "2010.08.16"]
[EventType "swiss"]
[EventRounds "9"]
[EventCountry "GER"]
[SourceTitle "CBM 138 Extra"]
[Source "ChessBase"]
[SourceDate "2010.10.29"]
[SourceVersion "1"]
[SourceVersionDate "2010.10.29"]
[SourceQuality "1"]

1. b4 e5 2. Bb2 d6 3. e3 Be6 4. d4 exd4 5. exd4 d5 6. b5 Nf6 7. Nf3 Bd6 8. Bd3 0-0 9. 0-0 Nbd7 10. Nbd2 Bg4 11. c4 Bf4 12. h3 Bxf3 13. Nxf3 dxc4 14. Bxc4 Nb6 15. Bb3 Bd6 16. Qd3 Nbd5 17. Rfe1 g6 18. Ne5 Be7 19. Qf3 h5 20. g4 hxg4 21. hxg4 Bb4 22. Re2 g5 23. Bc1 Nf4 24. Bxf4 Qxd4 25. Rd1 Qxf4 26. Qxf4 gxf4 27. Rd4 Bd6 28. Rxf4 Kg7 29. g5 Ng8 30. Rxf7+ Rxf7 31. Nxf7 Bc5 32. Kg2 Ne7 33. Re5 Ba3 34. Nh6 Ng6 35. Re4 Rf8 0-1

[Event "Hamburg-ch Seniors op 16th"]
[Site "Hamburg"]
[Date "2009.11.08"]
[Round "9"]
[White "Kraft, Gerhard"]
[Black "Albers, Friedemann"]
[Result "1/2-1/2"]
[WhiteElo "1802"]
[BlackElo "1707"]
[PlyCount "60"]
[EventDate "2009.10.31"]
[EventType "swiss"]
[EventRounds "9"]
[EventCountry "GER"]
[SourceTitle "EXT 2022"]
[Source "ChessBase"]
[SourceDate "2021.10.06"]
[SourceVersion "1"]
[SourceVersionDate "2021.10.06"]
[SourceQuality "1"]

1. b4 e6 2. Bb2 Nf6 3. b5 d5 4. e3 Bd7 5. c4 c6 6. a4 a6 7. Qb3 axb5 8. axb5 Rxa1 9. Bxa1 dxc4 10. Bxc4 cxb5 11. Bxb5 Bxb5 12. Qxb5+ Qd7 13. Nc3 Be7 14. Nf3 Nc6 15. 0-0 0-0 16. Rb1 Ra8 17. d4 Ra5 18. Qc4 Ne8 19. Nb5 Nb4 20. Nc3 b5 21. Qe2 f6 22. g3 Nc7 23. Nd2 Ncd5 24. Nxd5 Qxd5 25. Bc3 Ra4 26. e4 Qc6 27. Qe3 Ra3 28. Rb3 Rxb3 29. Nxb3 Na2 30. Be1 Kf7 1/2-1/2

[Event "Hamburg-ch Seniors op 16th"]
[Site "Hamburg"]
[Date "2009.11.04"]
[Round "5"]
[White "Kraft, Gerhard"]
[Black "Bartlitz, Heinz"]
[Result "1/2-1/2"]
[WhiteElo "1802"]
[BlackElo "1490"]
[PlyCount "44"]
[EventDate "2009.10.31"]
[EventType "swiss"]
[EventRounds "9"]
[EventCountry "GER"]
[SourceTitle "EXT 2022"]
[Source "ChessBase"]
[SourceDate "2021.10.06"]
[SourceVersion "1"]
[SourceVersionDate "2021.10.06"]
[SourceQuality "1"]

1. b4 e5 2. Bb2 d6 3. c4 Nf6 4. e3 g6 5. d4 exd4 6. exd4 Qe7+ 7. Qe2 Qxe2+ 8. Bxe2 Bg7 9. Bf3 c6 10. a4 Bg4 11. h3 Bxf3 12. Nxf3 0-0 13. 0-0 Nbd7 14. Nc3 Rfe8 15. Rfe1 Rxe1+ 16. Rxe1 Re8 17. Rxe8+ Nxe8 18. b5 a6 19. Kf1 Nc7 20. Ke2 f5 21. g4 fxg4 22. hxg4 Ne6 1/2-1/2

[Event "Wch Seniors 18th"]
[Site "Bad Zwischenahn"]
[Date "2008.10.31"]
[Round "4"]
[White "Weller, Friedhelm"]
[Black "Kraft, Gerhard"]
[Result "0-1"]
[WhiteElo "1945"]
[BlackElo "2109"]
[PlyCount "54"]
[EventDate "2008.10.28"]
[EventType "swiss"]
[EventRounds "11"]
[EventCountry "GER"]
[SourceTitle "EXT 2009"]
[Source "ChessBase"]
[SourceDate "2008.11.26"]
[SourceVersion "1"]
[SourceVersionDate "2008.11.26"]
[SourceQuality "1"]

1. e4 e5 2. Nf3 Nf6 3. Nc3 Bb4 4. Nd5 Nxd5 5. exd5 d6 6. c3 Bc5 7. d4 exd4 8. Nxd4 Qe7+ 9. Be3 0-0 10. Qd2 c6 11. dxc6 Bxd4 12. Qxd4 Nxc6 13. Qd2 Be6 14. Be2 Rfd8 15. 0-0 d5 16. Rfe1 Rd7 17. a3 d4 18. cxd4 Nxd4 19. Bxd4 Rad8 20. Qe3 Rxd4 21. Rac1 Qd6 22. h3 Qb6 23. Bg4 f5 24. Bf3 Bf7 25. b4 Re8 26. Qc3 Rdd8 27. Qc7 Rxe1+ 0-1

[Event "Hamburg Junge op"]
[Site "Hamburg"]
[Date "2005.10.07"]
[Round "5"]
[White "Kraft, Gerhard"]
[Black "Hasenbank, Dirk"]
[Result "1-0"]
[WhiteElo "1848"]
[BlackElo "2074"]
[PlyCount "51"]
[EventDate "2005.10.01"]
[EventType "swiss"]
[EventRounds "9"]
[EventCountry "GER"]
[SourceTitle "CBM 108 Extra"]
[Source "ChessBase"]
[SourceDate "2005.11.04"]
[SourceVersion "1"]
[SourceVersionDate "2005.11.04"]
[SourceQuality "1"]

1. d4 c6 2. e4 d5 3. exd5 cxd5 4. c4 Nf6 5. Nc3 e6 6. a3 Be7 7. c5 0-0 8. Be3 a5 9. b4 b6 10. b5 bxc5 11. dxc5 e5 12. Na4 d4 13. Bg5 Be6 14. c6 Qd6 15. Qc2 Rc8 16. Nb6 Nxc6 17. Nxc8 Rxc8 18. bxc6 Rxc6 19. Qd2 Qc7 20. Bd3 e4 21. Bxf6 gxf6 22. Bxe4 Qe5 23. Qd3 Rc3 24. Nf3 Qc5 25. Qxd4 Rc1+ 26. Kd2 1-0

[Event "Hamburg-ch qual1"]
[Site "Hamburg"]
[Date "2003.10.29"]
[Round "5"]
[White "Kraft, Gerhard"]
[Black "Schwertel, Johann"]
[Result "1/2-1/2"]
[WhiteElo "1826"]
[BlackElo "2057"]
[PlyCount "164"]
[EventDate "2003.10.??"]
[EventType "swiss"]
[EventRounds "7"]
[EventCountry "GER"]
[SourceTitle "EXT 2005"]
[Source "ChessBase"]
[SourceDate "2004.11.15"]
[SourceVersion "1"]
[SourceVersionDate "2004.11.15"]
[SourceQuality "1"]

1. e4 d5 2. exd5 Qxd5 3. Nc3 Qa5 4. d4 c6 5. Bc4 Nf6 6. Nf3 Bg4 7. 0-0 e6 8. h3 Bf5 9. Bd2 Qc7 10. Nh4 Bg6 11. Re1 Be7 12. Bg5 0-0 13. Nxg6 hxg6 14. Bxf6 Bxf6 15. Ne4 Nd7 16. c3 Rad8 17. Qg4 Nb6 18. Nxf6+ gxf6 19. Bb3 Kg7 20. Re3 Rh8 21. Rg3 Nd5 22. Re1 Rh6 23. Bc2 Qf4 24. Qxf4 Nxf4 25. Re4 Nh5 26. Rd3 f5 27. Re5 Nf4 28. Rd1 Kf6 29. Rde1 g5 30. f3 Rg8 31. Kf2 g4 32. hxg4 fxg4 33. R1e4 g3+ 34. Kg1 Rh4 35. Rxf4+ Rxf4 36. Rh5 Rg5 37. Rh8 e5 38. dxe5+ Rxe5 39. Kf1 Ke7 40. Rg8 Rh4 41. Rxg3 Rh1+ 42. Kf2 Ree1 43. Rg7 Rhf1+ 44. Kg3 Kf6 45. Rg4 Rc1 46. Bb3 Rb1 47. Rf4+ Ke5 48. Rxf7 Rxb2 49. Re7+ Kd6 50. Rxb7 Rg1 51. Rxa7 Rgxg2+ 52. Kf4 Rg1 53. Rf7 Rc1 54. c4 Ke6 55. Rf8 Kd6 56. Rf6+ Kc5 57. Kf5 Rf2 58. f4 Rcf1 59. Ke5 Re1+ 60. Kf5 Ref1 61. Ke5 Kb4 62. Rxc6 Rxf4 63. Rb6+ Kc5 64. Rb5+ Kc6 65. Rb8 Rf7 66. Kd4 Rd7+ 67. Kc3 Rf3+ 68. Kb2 Kc5 69. Rb5+ Kc6 70. Rb8 Rd2+ 71. Ka3 Rf7 72. Rc8+ Kb7 73. Re8 Rc7 74. Kb4 Rdd7 75. Kb5 Re7 76. Rd8 Rcd7 77. Rg8 Re5+ 78. Kb4 Ka7 79. Rg6 Rb7+ 80. Kc3 Ra5 81. Re6 Ra6 82. Re5 Rc7 1/2-1/2

[Event "Wch Seniors 12th"]
[Site "Naumburg"]
[Date "2002.11.01"]
[Round "10"]
[White "Dille, Janis P"]
[Black "Kraft, Gerhard"]
[Result "1-0"]
[WhiteElo "2158"]
[BlackElo "1819"]
[PlyCount "120"]
[EventDate "2002.10.21"]
[EventType "swiss"]
[EventRounds "11"]
[EventCountry "GER"]
[SourceTitle "EXT 2006"]
[Source "ChessBase"]
[SourceDate "2005.11.24"]
[SourceVersion "1"]
[SourceVersionDate "2005.11.24"]
[SourceQuality "1"]

1. e4 e5 2. Nf3 Nc6 3. Bc4 Bc5 4. c3 Nf6 5. d4 exd4 6. cxd4 Bb4+ 7. Nc3 Nxe4 8. 0-0 Bxc3 9. d5 Ne7 10. bxc3 d6 11. Re1 Nc5 12. Bg5 f6 13. Qd4 0-0 14. Bh4 Nf5 15. Qd2 Bd7 16. Bg3 Re8 17. Nd4 Re4 18. f3 Rxe1+ 19. Rxe1 Nxd4 20. cxd4 Na4 21. Bb3 Nb6 22. h4 Qf8 23. Qd3 Re8 24. Rc1 Rc8 25. Qd2 Be8 26. Kh2 Bf7 27. Qa5 a6 28. a4 Qd8 29. Qb4 Rb8 30. Qc3 Na8 31. Bf4 Qd7 32. g4 Re8 33. Kg3 Re7 34. a5 Qb5 35. Bc4 Qe8 36. Rb1 b6 37. Bxa6 Bxd5 38. Bd3 Qc6 39. Qxc6 Bxc6 40. axb6 cxb6 41. Rc1 Bb7 42. Bf5 d5 43. Bc8 Kf7 44. Bd6 Bxc8 45. Bxe7 Bd7 46. Bd6 b5 47. Bc7 b4 48. Ba5 b3 49. Rc3 Ba4 50. Rc1 Ke6 51. Kf4 Bb5 52. Ke3 Bc4 53. Kd2 Kd7 54. Re1 Kc6 55. Kc3 Kb5 56. Bd8 Nb6 57. Bxb6 Kxb6 58. Re7 g5 59. hxg5 fxg5 60. Rxh7 Kc6 1-0

[Event "Wch Seniors 12th"]
[Site "Naumburg"]
[Date "2002.10.22"]
[Round "2"]
[White "Kraft, Gerhard"]
[Black "Mueller, Hartmut Dieter"]
[Result "1-0"]
[WhiteElo "1819"]
[BlackElo "1505"]
[PlyCount "83"]
[EventDate "2002.10.21"]
[EventType "swiss"]
[EventRounds "11"]
[EventCountry "GER"]
[SourceTitle "EXT 2006"]
[Source "ChessBase"]
[SourceDate "2005.11.24"]
[SourceVersion "1"]
[SourceVersionDate "2005.11.24"]
[SourceQuality "1"]

1. e4 e6 2. d4 d5 3. Nd2 Nc6 4. c3 a6 5. a4 Bd7 6. Bd3 Be7 7. f4 dxe4 8. Nxe4 Nf6 9. Nxf6+ Bxf6 10. Nf3 g6 11. 0-0 Ne7 12. Ne5 Bxe5 13. fxe5 Nf5 14. g4 Ng7 15. Qf3 0-0 16. Bh6 Bc6 17. Qf6 Qxf6 18. exf6 Rfe8 19. fxg7 Re7 20. Rf6 Rd8 21. Bc4 Bd5 22. b3 c6 23. Re1 Bxc4 24. bxc4 Rdd7 25. Re5 Rc7 26. Kf2 b5 27. axb5 cxb5 28. cxb5 axb5 29. Rxb5 Re8 30. Rb3 Rce7 31. c4 e5 32. d5 e4 33. Ke3 Rc7 34. Rb4 Ra7 35. Rfb6 Rae7 36. c5 f5 37. Rf6 Rf7 38. Rxf7 Kxf7 39. Rb7+ Kg8 40. gxf5 gxf5 41. c6 Ra8 42. c7 1-0

[Event "Wichern op 6th"]
[Site "Hamburg"]
[Date "2001.10.19"]
[Round "7.58"]
[White "Kraft, Gerhard"]
[Black "Kreie, Guenther"]
[Result "0-1"]
[WhiteElo "1869"]
[BlackElo "1708"]
[PlyCount "42"]
[EventDate "2001.10.21"]
[EventType "swiss"]
[EventRounds "9"]
[EventCountry "GER"]
[SourceTitle "EXT 2002"]
[Source "ChessBase"]
[SourceDate "2001.11.25"]
[SourceVersion "1"]
[SourceVersionDate "2001.11.25"]
[SourceQuality "1"]

1. e4 e5 2. Nf3 Nc6 3. Bb5 a6 4. Bxc6 dxc6 5. 0-0 Bg4 6. h3 h5 7. Re1 Qf6 8. Re3 Bc5 9. hxg4 hxg4 10. Ne1 Bxe3 11. dxe3 Qh4 12. Kf1 Rd8 13. Bd2 Rd6 14. g3 Qh1+ 15. Ke2 Nf6 16. Nc3 Nxe4 17. Nxe4 Qxe4 18. b3 Rh1 19. Rc1 Rf6 20. c4 Rxf2+ 21. Kxf2 Rh2+ 0-1

[Event "Wichern op 6th"]
[Site "Hamburg"]
[Date "2001.10.13"]
[Round "1.43"]
[White "Roettgen, Juergen"]
[Black "Kraft, Gerhard"]
[Result "1/2-1/2"]
[WhiteElo "2194"]
[BlackElo "1869"]
[PlyCount "59"]
[EventDate "2001.10.21"]
[EventType "swiss"]
[EventRounds "9"]
[EventCountry "GER"]
[SourceTitle "EXT 2002"]
[Source "ChessBase"]
[SourceDate "2001.11.25"]
[SourceVersion "1"]
[SourceVersionDate "2001.11.25"]
[SourceQuality "1"]

1. d4 Nf6 2. c4 e6 3. Nc3 Bb4 4. e3 d5 5. Bd3 c5 6. Nge2 0-0 7. 0-0 cxd4 8. exd4 dxc4 9. Bxc4 a6 10. Bg5 h6 11. Bh4 b5 12. Bd3 Bb7 13. a4 bxa4 14. Rxa4 Be7 15. Qb3 Qd7 16. Rfa1 g5 17. Bg3 Nd5 18. Bb5 Bc6 19. Bxc6 Qxc6 20. Nxd5 Qxd5 21. Qxd5 exd5 22. Nc3 Rd8 23. Bc7 Rd7 24. Bb6 Bf6 25. Ra5 Nc6 26. Rxa6 Rxa6 27. Rxa6 Nxd4 28. Ra5 Nc6 29. Rxd5 Rxd5 30. Nxd5 1/2-1/2